Balassi Bálint és társai az erdélyi regényvilágban

Elmentve itt :
Bibliográfiai részletek
Szerző: SZABÓ Csaba
Adatforrás:Meister
Forrásdokumentuma:Művelődés. -
5-6 sz., 1994, 28-31 p.
Nyelv:magyar
Kulcsszavak:művelődéstörténet
irodalomtörténet
Erdély
BALASSI Bálint
LEADER 00449nab a2200157 i 4500
001 bibPRO00000946
008 060524s1994 xx hun
040 |a Sz1 
041 |a hun 
100 1 |a SZABÓ Csaba 
245 1 0 |a Balassi Bálint és társai az erdélyi regényvilágban  |c SZABÓ Csaba 
695 |a művelődéstörténet 
695 |a irodalomtörténet 
695 |a Erdély 
695 |a BALASSI Bálint 
773 0 |t Művelődés. -  |g 5-6 sz., 1994, 28-31 p.